01182nam a2200265 a 4500001001000000005001700010008004100027041000800068044000800076084002000084100004500104245008500149260003500234300001900269500016800288500005400456500007900510500008000589500001000669650005200679650005600731650003400787650004500821740005000866BRCA_256520190320203852.0271108s1874----enk#---###---#000-0#spa-u aspa aenk a168b.C45c18741 aCervantes Saavedra, Miguel ded1547-161610aEl Ingenioso Hidalgo Don Quijote de la Manchacpor Miguel de Cervantes Saavedra. aLondresbChatto y Windusc1874 a638 p.c11 cm. aContenido : Primera parte. Dedicatoria del autor. Prólogo del autor. Versos preliminares. Texto. Segunda parte. Dedicatoria del autor. Prólogo del autor. Texto aEdición : Nueva edición, corregida y revisada aEdición económica impresa con letras pequeñas. Tela Lúdovik Osterc aEstado físico : Encuadernación ligeramente desprendida, lomo maltratado aQM16014aNovela españolayÉpoca clásica, 1500-170014aLiteratura españolayÉpoca clásica, 1500-170014aNovela españolaySiglo XVII14aDon Quijote (Personaje ficticio)eNovela0 aEl Ingenioso Hidalgo Don Quijote de la Mancha